Electric condenser process for demulsifying oil, (Record no. 27061)
[ view plain ]
| 000 -LEADER | |
|---|---|
| fixed length control field | 00851cam a22002411 4500 |
| 001 - CONTROL NUMBER | |
| control field | gs 34000003 |
| 003 - CONTROL NUMBER IDENTIFIER | |
| control field | DLC |
| 005 - DATE AND TIME OF LATEST TRANSACTION | |
| control field | 20260227111338.0 |
| 008 - FIXED-LENGTH DATA ELEMENTS--GENERAL INFORMATION | |
| fixed length control field | 790607s1933 ilua b s000 0 eng |
| 010 ## - LIBRARY OF CONGRESS CONTROL NUMBER | |
| LC control number | gs 34000003 |
| 035 ## - SYSTEM CONTROL NUMBER | |
| System control number | (OCoLC)5045507 |
| 040 ## - CATALOGING SOURCE | |
| Original cataloging agency | DLC |
| Transcribing agency | TxCM |
| Modifying agency | DLC |
| 042 ## - AUTHENTICATION CODE | |
| Authentication code | premarc |
| 050 00 - LIBRARY OF CONGRESS CALL NUMBER | |
| Classification number | TP690 |
| Item number | .P5 |
| 100 1# - MAIN ENTRY--PERSONAL NAME | |
| Personal name | Piersol, Robert James, |
| Dates associated with a name | 1890- |
| 245 10 - TITLE STATEMENT | |
| Title | Electric condenser process for demulsifying oil, |
| Statement of responsibility, etc. | by R. J. Piersol. |
| 260 ## - PUBLICATION, DISTRIBUTION, ETC. | |
| Place of publication, distribution, etc. | Urbana, Ill., |
| Name of publisher, distributor, etc. | printed by authority of the state of Illinois, |
| Date of publication, distribution, etc. | 1933. |
| 300 ## - PHYSICAL DESCRIPTION | |
| Extent | 38 p. |
| Other physical details | illus. |
| 410 20 - SERIES STATEMENT/ADDED ENTRY--CORPORATE NAME [OBSOLETE, CAN/MARC], [LOCAL, USA] | |
| Corporate name or jurisdiction name as entry element | Illinois State Geological Survey |
| Title of a work | Report of investigations |
| Volume number/sequential designation | no. 29 |
| 500 ## - GENERAL NOTE | |
| General note | At head of title: State of Illinois. Department of Registration and Education. Division of the State Geological Survey. |
| 504 ## - BIBLIOGRAPHY, ETC. NOTE | |
| Bibliography, etc. note | Bibliography: p. 30-38. |
| 650 #0 - SUBJECT ADDED ENTRY--TOPICAL TERM | |
| Topical term or geographic name entry element | Petroleum. |
No items available.